<?xml version="1.0" encoding="UTF-8"?>
<record
    xmlns:xsi="http://www.w3.org/2001/XMLSchema-instance"
    xsi:schemaLocation="http://www.loc.gov/MARC21/slim http://www.loc.gov/standards/marcxml/schema/MARC21slim.xsd"
    xmlns="http://www.loc.gov/MARC21/slim">

  <leader>01765cam a22003857a 4500</leader>
  <controlfield tag="001">14344876</controlfield>
  <controlfield tag="005">20161027151107.0</controlfield>
  <controlfield tag="008">060418s2006    moua   |rd    001 0 eng d</controlfield>
  <datafield tag="010" ind1=" " ind2=" ">
    <subfield code="a">2006273928</subfield>
  </datafield>
  <datafield tag="015" ind1=" " ind2=" ">
    <subfield code="a">GBA583778</subfield>
    <subfield code="2">bnb</subfield>
  </datafield>
  <datafield tag="016" ind1="7" ind2=" ">
    <subfield code="a">013306007</subfield>
    <subfield code="2">Uk</subfield>
  </datafield>
  <datafield tag="020" ind1=" " ind2=" ">
    <subfield code="a">0323035620</subfield>
  </datafield>
  <datafield tag="020" ind1=" " ind2=" ">
    <subfield code="a">9780723433934 </subfield>
  </datafield>
  <datafield tag="035" ind1=" " ind2=" ">
    <subfield code="a">(OCoLC)ocm62208971</subfield>
  </datafield>
  <datafield tag="040" ind1=" " ind2=" ">
    <subfield code="a">NCU</subfield>
    <subfield code="c">NCU</subfield>
    <subfield code="d">BAKER</subfield>
    <subfield code="d">RCS</subfield>
    <subfield code="d">DNJ</subfield>
    <subfield code="d">UKM</subfield>
    <subfield code="d">IBI</subfield>
    <subfield code="d">DLC</subfield>
  </datafield>
  <datafield tag="042" ind1=" " ind2=" ">
    <subfield code="a">lccopycat</subfield>
  </datafield>
  <datafield tag="050" ind1="0" ind2="0">
    <subfield code="a">R121</subfield>
    <subfield code="b">.M89 2006</subfield>
  </datafield>
  <datafield tag="082" ind1="0" ind2="4">
    <subfield code="a">610.3</subfield>
    <subfield code="2">22</subfield>
    <subfield code="b">MOS NR</subfield>
  </datafield>
  <datafield tag="245" ind1="0" ind2="0">
    <subfield code="a">Mosby's Dictionary of Medicine, Nursing &amp; Health Professions /</subfield>
    <subfield code="c">[Managing editor, Tamara Myers]</subfield>
  </datafield>
  <datafield tag="246" ind1="3" ind2="0">
    <subfield code="a">Dictionary of medicine, nursing &amp; health professions</subfield>
  </datafield>
  <datafield tag="246" ind1="3" ind2=" ">
    <subfield code="a">Mosby's dictionary of medicine, nursing, and health professions</subfield>
  </datafield>
  <datafield tag="250" ind1=" " ind2=" ">
    <subfield code="a">7th ed.</subfield>
  </datafield>
  <datafield tag="260" ind1=" " ind2=" ">
    <subfield code="a">St. Louis, Mo. :</subfield>
    <subfield code="b">Mosby Elsevier, 2006</subfield>
    <subfield code="c">2006.</subfield>
  </datafield>
  <datafield tag="300" ind1=" " ind2=" ">
    <subfield code="a">xiv, A-43, 2247 p. :</subfield>
    <subfield code="b">ill. (chiefly col.) ;</subfield>
    <subfield code="c">26 cm. +</subfield>
    <subfield code="e">1 CD-ROM (4 3/4 in.)</subfield>
  </datafield>
  <datafield tag="538" ind1=" " ind2=" ">
    <subfield code="a">System requirements for accompanying CD-ROM (Windows): 450 MHz Intel Pentium II processor or greater; 64MB RAM; Windows; 2x or faster CD-ROM drive; 800 x 600 monitor or larger; True Color display recommended.</subfield>
  </datafield>
  <datafield tag="538" ind1=" " ind2=" ">
    <subfield code="a">System requirements for accompanying CD-ROM (Macintosh): 333 MHz PowerPC or greater; 128MB RAM; MAC OS 10.3 or higher; 2x or faster CD-ROM drive; 800 x 600 monitor or larger; Millions of Colors display recommended.</subfield>
  </datafield>
  <datafield tag="650" ind1=" " ind2="2">
    <subfield code="a">Medicine</subfield>
    <subfield code="v">Dictionary.</subfield>
    <subfield code="9">9404</subfield>
  </datafield>
  <datafield tag="650" ind1=" " ind2="2">
    <subfield code="a">Nursing</subfield>
    <subfield code="v">Dictionary.</subfield>
    <subfield code="9">9405</subfield>
  </datafield>
  <datafield tag="653" ind1=" " ind2=" ">
    <subfield code="b">NUR</subfield>
  </datafield>
  <datafield tag="650" ind1=" " ind2="0">
    <subfield code="9">9402</subfield>
    <subfield code="a">Medicine</subfield>
    <subfield code="v">Dictionaries</subfield>
  </datafield>
  <datafield tag="650" ind1=" " ind2="0">
    <subfield code="9">9403</subfield>
    <subfield code="a">Nursing</subfield>
    <subfield code="v">Dictionaries</subfield>
  </datafield>
  <datafield tag="700" ind1="1" ind2=" ">
    <subfield code="a">Myers, Tamara.</subfield>
    <subfield code="9">9406</subfield>
  </datafield>
  <datafield tag="942" ind1=" " ind2=" ">
    <subfield code="2">ddc</subfield>
    <subfield code="c">REFERENCE</subfield>
  </datafield>
  <datafield tag="999" ind1=" " ind2=" ">
    <subfield code="c">10848</subfield>
    <subfield code="d">10848</subfield>
  </datafield>
  <datafield tag="952" ind1=" " ind2=" ">
    <subfield code="0">0</subfield>
    <subfield code="1">0</subfield>
    <subfield code="2">ddc</subfield>
    <subfield code="4">0</subfield>
    <subfield code="7">0</subfield>
    <subfield code="8">Alahram</subfield>
    <subfield code="a">MAIN</subfield>
    <subfield code="b">MAIN</subfield>
    <subfield code="c">0TH</subfield>
    <subfield code="d">2009-02-17</subfield>
    <subfield code="e">purchase</subfield>
    <subfield code="g">342.60</subfield>
    <subfield code="h">379</subfield>
    <subfield code="l">1</subfield>
    <subfield code="o">610.3 MOS NR</subfield>
    <subfield code="p">000014640</subfield>
    <subfield code="r">2025-07-15 00:00:00</subfield>
    <subfield code="s">2010-06-03</subfield>
    <subfield code="y">REFERENCE</subfield>
  </datafield>
  <datafield tag="952" ind1=" " ind2=" ">
    <subfield code="0">0</subfield>
    <subfield code="1">0</subfield>
    <subfield code="2">ddc</subfield>
    <subfield code="3">Lost In Inventory_2015-8-23</subfield>
    <subfield code="4">0</subfield>
    <subfield code="7">0</subfield>
    <subfield code="8"> </subfield>
    <subfield code="a">MAIN</subfield>
    <subfield code="b">MAIN</subfield>
    <subfield code="c">1ST</subfield>
    <subfield code="d">2010-05-04</subfield>
    <subfield code="e">purchase</subfield>
    <subfield code="l">11</subfield>
    <subfield code="m">5</subfield>
    <subfield code="o">610.3 MOS NR</subfield>
    <subfield code="p">000020801</subfield>
    <subfield code="r">2022-08-24 00:00:00</subfield>
    <subfield code="s">2013-09-23</subfield>
    <subfield code="y">CDVDWNB</subfield>
  </datafield>
</record>
